[Event "DSJ Weihnachtsturnier U20w 2020"]
[Site "https://play.chessbase.com/en/play?room=DSJWeihnachtU20w"]
[Date "2020.12.29"]
[Round "6"]
[White "Dietz, Kristin"]
[Black "Bashylina, Luisa"]
[Result "0-1"]
[Termination "normal"]
[Board "1.1"]
[BlackTitle "WCM"]
[WhiteElo "1911"]
[BlackElo "1978"]
[WhiteTeam "USV Halle"]
[BlackTeam "Schachgesellschaft Solingen"]
[PlyCount "42"]
[WhiteFideId "12993743"]
[BlackFideId "12983292"]
[EventRounds "7"]
[EventType "team-swiss"]
[EventDate "2020.12.29"]

1. e4 {[%emt 0:00:21]} c5 {[%emt 0:00:02]} 2. Nf3 {[%emt 0:00:04]} e6 {[%emt 0:
00:01]} 3. d4 {[%emt 0:00:02]} cxd4 {[%emt 0:00:00]} 4. Nxd4 {[%emt 0:00:01]}
a6 {[%emt 0:00:01]} 5. Bd3 {[%emt 0:00:08]} Nf6 {[%emt 0:00:04]} 6. O-O { [%emt
0:00:37]} Qc7 {[%emt 0:00:13]} 7. c4 {[%emt 0:00:08]} g6 {[%emt 0:00:12]} 8.
Nc3 {[%emt 0:00:05]} Bg7 {[%emt 0:00:02]} 9. Nb3 {[%emt 0:00:38]} d6 { [%emt
0:00:03]} 10. Kh1 {[%emt 0:00:08]} O-O {[%emt 0:00:03]} 11. f4 {[%emt 0:
00:02]} Nbd7 {[%emt 0:00:01]} 12. Qf3 {[%emt 0:00:23]} b6 {[%emt 0:00:45]} 13.
Qh3 {[%emt 0:01:09]} Bb7 {[%emt 0:00:09]} 14. f5 {[%emt 0:00:39]} exf5 { [%emt
0:00:22]} 15. exf5 {[%emt 0:00:34]} Ne5 {[%emt 0:00:16]} 16. fxg6 { [%emt
0:00:11]} fxg6 {[%emt 0:00:04]} 17. Qe6+ {[%emt 0:00:16]} Kh8 {[%emt 0: 00:04]}
18. Bc2 {[%emt 0:00:42]} Bc8 {[%emt 0:01:15]} 19. Nd5 {[%emt 0:01:16]} Qxc4
{[%emt 0:00:23]} 20. Rf4 {[%emt 0:00:49]} Qxc2 {[%emt 0:00:29]} 21. Qxe5 {
[%emt 0:00:20]} Qd1+ {[%emt 0:00:20]} 0-1

[Event "DSJ Weihnachtsturnier U20w 2020"]
[Site "https://play.chessbase.com/en/play?room=DSJWeihnachtU20w"]
[Date "2020.12.29"]
[Round "6"]
[White "Müdder, Melanie"]
[Black "Voigt, Anastasia"]
[Result "1-0"]
[Termination "normal"]
[Board "1.2"]
[WhiteElo "1950"]
[BlackElo "1738"]
[WhiteTeam "Schachgesellschaft Solingen"]
[BlackTeam "USV Halle"]
[PlyCount "41"]
[WhiteFideId "12994103"]
[BlackFideId "16235223"]
[EventRounds "7"]
[EventType "team-swiss"]
[EventDate "2020.12.29"]

1. e4 {[%emt 0:00:08]} e5 {[%emt 0:00:02]} 2. Nf3 {[%emt 0:00:04]} Nc6 { [%emt
0:00:02]} 3. d4 {[%emt 0:00:04]} exd4 {[%emt 0:00:03]} 4. Nxd4 {[%emt 0:
00:03]} Nf6 {[%emt 0:00:02]} 5. Nxc6 {[%emt 0:00:03]} bxc6 {[%emt 0:00:02]} 6.
Bd3 {[%emt 0:00:03]} g6 {[%emt 0:00:15] Halle1-002 reconnected.} 7. Bg5 { [%emt
0:00:56]} Qe7 {[%emt 0:00:31]} 8. O-O {[%emt 0:00:21]} Bg7 {[%emt 0:00: 20]} 9.
e5 {[%emt 0:00:13]} h6 {[%emt 0:00:24]} 10. exf6 {[%emt 0:00:09]} Bxf6 {[%emt
0:00:03]} 11. Re1 {[%emt 0:00:08]} Bxg5 {[%emt 0:00:18]} 12. Rxe7+ { [%emt
0:00:08]} Bxe7 {[%emt 0:00:02]} 13. Nc3 {[%emt 0:00:13]} d6 {[%emt 0:00: 03]}
14. Qf3 {[%emt 0:00:06]} Bd7 {[%emt 0:00:06]} 15. Re1 {[%emt 0:00:05]} d5
{[%emt 0:00:04]} 16. Qf6 {[%emt 0:00:25]} O-O-O {[%emt 0:00:23]} 17. Rxe7 {
[%emt 0:00:16]} Be6 {[%emt 0:00:08]} 18. h3 {[%emt 0:00:22]} Rhg8 {[%emt 0:00:
04]} 19. Na4 {[%emt 0:00:23]} Rd6 {[%emt 0:00:27]} 20. Nc5 {[%emt 0:00:20]}
Bxh3 {[%emt 0:00:20]} 21. Qxf7 {[%emt 0:00:13]} 1-0

[Event "DSJ Weihnachtsturnier U20w 2020"]
[Site "https://play.chessbase.com/en/play?room=DSJWeihnachtU20w"]
[Date "2020.12.29"]
[Round "6"]
[White "Stowicek, Yara Mathilda"]
[Black "Butenandt, Svenja"]
[Result "1/2-1/2"]
[Termination "normal"]
[Board "1.3"]
[WhiteElo "1736"]
[BlackElo "2014"]
[WhiteTeam "USV Halle"]
[BlackTeam "Schachgesellschaft Solingen"]
[PlyCount "119"]
[WhiteFideId "16203569"]
[BlackFideId "12993859"]
[EventRounds "7"]
[EventType "team-swiss"]
[EventDate "2020.12.29"]

1. e4 {[%emt 0:00:05]} c5 {[%emt 0:00:05]} 2. c3 {[%emt 0:00:02]} d5 {[%emt 0:
00:03]} 3. exd5 {[%emt 0:00:02]} Qxd5 {[%emt 0:00:12]} 4. d4 {[%emt 0:00:02]}
g6 {[%emt 0:00:11]} 5. Nf3 {[%emt 0:00:10]} Bg7 {[%emt 0:00:04]} 6. Be3 { [%emt
0:00:07]} cxd4 {[%emt 0:00:04]} 7. Bxd4 {[%emt 0:00:06]} Nf6 {[%emt 0:00: 47]}
8. Nbd2 {[%emt 0:00:11]} O-O {[%emt 0:00:03]} 9. Bc4 {[%emt 0:00:06]} Qd8
{[%emt 0:00:20]} 10. O-O {[%emt 0:00:02]} Nc6 {[%emt 0:00:02]} 11. Be3 { [%emt
0:00:09]} Qc7 {[%emt 0:00:12]} 12. Qe2 {[%emt 0:00:06]} Bg4 {[%emt 0:00: 06]}
13. h3 {[%emt 0:00:04]} Bd7 {[%emt 0:00:16]} 14. Rad1 {[%emt 0:00:05]} Rfd8
{[%emt 0:00:13]} 15. Bb3 {[%emt 0:00:10]} e6 {[%emt 0:00:34]} 16. Nd4 { [%emt
0:00:10]} Nxd4 {[%emt 0:00:09]} 17. Bxd4 {[%emt 0:00:03]} Bc6 {[%emt 0: 00:04]}
18. Nf3 {[%emt 0:00:04]} Nd5 {[%emt 0:00:26]} 19. Ne5 {[%emt 0:00:26]} Nf4
{[%emt 0:00:19]} 20. Qe3 {[%emt 0:00:28]} Nxg2 {[%emt 0:00:06]} 21. Qe2 { [%emt
0:00:07]} Nf4 {[%emt 0:01:35]} 22. Qe3 {[%emt 0:00:15]} Nd5 {[%emt 0:01: 06]}
23. Bxd5 {[%emt 0:00:11]} Bxd5 {[%emt 0:00:03]} 24. b3 {[%emt 0:00:24]} b6
{[%emt 0:00:21]} 25. f3 {[%emt 0:00:20]} Qe7 {[%emt 0:00:10]} 26. Qf4 {[%emt 0:
00:19]} Bb7 {[%emt 0:00:40]} 27. Rd2 {[%emt 0:00:21]} Qf6 {[%emt 0:00:13]} 28.
Qg4 {[%emt 0:00:16]} Qf5 {[%emt 0:00:10]} 29. Qxf5 {[%emt 0:00:04]} exf5 {
[%emt 0:00:01]} 30. Rff2 {[%emt 0:00:02]} Rac8 {[%emt 0:00:17]} 31. Kg2 { [%emt
0:00:10]} Rd5 {[%emt 0:00:14]} 32. Rfe2 {[%emt 0:00:20]} Rcd8 {[%emt 0: 00:09]}
33. Nc4 {[%emt 0:00:21]} Bxd4 {[%emt 0:00:05]} 34. cxd4 {[%emt 0:00:05] } Rxd4
{[%emt 0:00:01]} 35. Rxd4 {[%emt 0:00:03]} Rxd4 {[%emt 0:00:01]} 36. Re7 {[%emt
0:00:08]} Ba6 {[%emt 0:00:03]} 37. Ne5 {[%emt 0:00:12]} Rd2+ {[%emt 0: 00:06]}
38. Kg3 {[%emt 0:00:05]} Re2 {[%emt 0:00:13]} 39. Rxa7 {[%emt 0:00:11]} Rxe5
{[%emt 0:00:13]} 40. Rxa6 {[%emt 0:00:02]} Re6 {[%emt 0:00:03]} 41. a4 { [%emt
0:00:09]} Kg7 {[%emt 0:00:04]} 42. b4 {[%emt 0:00:04]} Kf6 {[%emt 0:00: 02]}
43. a5 {[%emt 0:00:25]} bxa5 {[%emt 0:00:23]} 44. Rxe6+ {[%emt 0:00:05]} Kxe6
{[%emt 0:00:01]} 45. bxa5 {[%emt 0:00:01]} Kd6 {[%emt 0:00:01]} 46. Kf4 { [%emt
0:00:17]} f6 {[%emt 0:00:02]} 47. Ke3 {[%emt 0:00:07]} Kc5 {[%emt 0:00: 01]}
48. a6 {[%emt 0:00:02]} Kb6 {[%emt 0:00:01]} 49. Kd4 {[%emt 0:00:03]} Kxa6
{[%emt 0:00:01]} 50. Kd5 {[%emt 0:00:01]} Kb5 {[%emt 0:00:02]} 51. Ke6 { [%emt
0:00:01]} Kc5 {[%emt 0:00:03]} 52. Kxf6 {[%emt 0:00:01]} Kd4 {[%emt 0:00: 06]}
53. Kg7 {[%emt 0:00:03]} Ke3 {[%emt 0:00:02]} 54. Kxh7 {[%emt 0:00:01]} Kxf3
{[%emt 0:00:01]} 55. Kxg6 {[%emt 0:00:01]} f4 {[%emt 0:00:01]} 56. h4 { [%emt
0:00:02]} Ke4 {[%emt 0:00:30]} 57. h5 {[%emt 0:00:02]} f3 {[%emt 0:00:01] } 58.
h6 {[%emt 0:00:01]} f2 {[%emt 0:00:01]} 59. h7 {[%emt 0:00:01]} f1=Q { [%emt
0:00:02]} 60. h8=Q {[%emt 0:00:02] Halle1-003 offers a draw Arbiter Decision
(Draw by material), result=1} 1/2-1/2

[Event "DSJ Weihnachtsturnier U20w 2020"]
[Site "https://play.chessbase.com/en/play?room=DSJWeihnachtU20w"]
[Date "2020.12.29"]
[Round "6"]
[White "Sereda, Yaroslava"]
[Black "Fritsch, Lea"]
[Result "1-0"]
[Termination "normal"]
[Board "1.4"]
[WhiteElo "1750"]
[BlackElo "1644"]
[WhiteTeam "Schachgesellschaft Solingen"]
[BlackTeam "USV Halle"]
[PlyCount "111"]
[WhiteFideId "14178940"]
[BlackFideId "16212436"]
[EventRounds "7"]
[EventType "team-swiss"]
[EventDate "2020.12.29"]

1. e4 {[%emt 0:00:16]} c5 {[%emt 0:00:04]} 2. Nf3 {[%emt 0:00:03]} d6 {[%emt 0:
00:02]} 3. d4 {[%emt 0:00:01]} cxd4 {[%emt 0:00:00]} 4. Nxd4 {[%emt 0:00:01]}
Nc6 {[%emt 0:00:01]} 5. Nc3 {[%emt 0:00:05]} a6 {[%emt 0:00:04]} 6. Be3 { [%emt
0:00:04]} g6 {[%emt 0:00:01]} 7. Be2 {[%emt 0:00:06]} Bg7 {[%emt 0:00:04] } 8.
O-O {[%emt 0:00:07]} Nf6 {[%emt 0:00:02]} 9. Nb3 {[%emt 0:00:08]} O-O { [%emt
0:00:02]} 10. f4 {[%emt 0:00:03]} Bd7 {[%emt 0:00:10]} 11. Bf3 {[%emt 0:
00:08]} Rc8 {[%emt 0:00:05]} 12. Kh1 {[%emt 0:00:37]} b5 {[%emt 0:00:14]} 13.
a3 {[%emt 0:00:27]} Na5 {[%emt 0:00:31]} 14. Nxa5 {[%emt 0:00:06]} Qxa5 { [%emt
0:00:00]} 15. Rf2 {[%emt 0:01:07]} Rc4 {[%emt 0:00:40]} 16. e5 {[%emt 0:
00:42]} Ne8 {[%emt 0:00:49]} 17. Nd5 {[%emt 0:01:27]} Qd8 {[%emt 0:01:18]} 18.
Bb6 {[%emt 0:00:04]} Qb8 {[%emt 0:00:02]} 19. Nxe7+ {[%emt 0:00:22]} Kh8 {
[%emt 0:00:02]} 20. Be3 {[%emt 0:00:17]} dxe5 {[%emt 0:00:08]} 21. Qxd7 { [%emt
0:00:20]} exf4 {[%emt 0:00:25]} 22. Ba7 {[%emt 0:00:09]} Qe5 {[%emt 0:00: 14]}
23. Re2 {[%emt 0:00:09]} Qxb2 {[%emt 0:00:08]} 24. Rae1 {[%emt 0:00:05]} Qxa3
{[%emt 0:00:07]} 25. Bd5 {[%emt 0:01:00]} Rc7 {[%emt 0:00:04]} 26. Qg4 { [%emt
0:01:39]} Rxa7 {[%emt 0:00:11]} 27. Nc6 {[%emt 0:00:05]} Nf6 {[%emt 0:00: 39]}
28. Qf3 {[%emt 0:00:47]} Qxf3 {[%emt 0:00:11]} 29. Bxf3 {[%emt 0:00:02]} Rc7
{[%emt 0:00:00]} 30. Nb4 {[%emt 0:00:24]} a5 {[%emt 0:00:11]} 31. Nd3 { [%emt
0:00:02]} Kg8 {[%emt 0:00:23]} 32. Nxf4 {[%emt 0:00:02]} Rfc8 {[%emt 0: 00:12]}
33. Rb1 {[%emt 0:00:05]} Rxc2 {[%emt 0:00:07]} 34. h3 {[%emt 0:00:03]} Rc1+
{[%emt 0:00:04]} 35. Rxc1 {[%emt 0:00:02]} Rxc1+ {[%emt 0:00:00]} 36. Kh2
{[%emt 0:00:01]} Rc4 {[%emt 0:00:37]} 37. Nd3 {[%emt 0:00:02]} Rc3 {[%emt 0:00:
06]} 38. Rd2 {[%emt 0:00:03]} b4 {[%emt 0:00:12]} 39. Ne5 {[%emt 0:00:03]} Re3
{[%emt 0:00:15]} 40. Nc4 {[%emt 0:00:02]} Rc3 {[%emt 0:00:04]} 41. Nxa5 { [%emt
0:00:01]} b3 {[%emt 0:00:21]} 42. Rb2 {[%emt 0:00:02]} Rc2 {[%emt 0:00: 28]}
43. Rxb3 {[%emt 0:00:01]} Ra2 {[%emt 0:00:12]} 44. Nc6 {[%emt 0:00:02]
Soling2-004 offers a draw} Ra4 {[%emt 0:00:15]} 45. Rb8+ {[%emt 0:00:02]} Bf8 {
[%emt 0:00:03]} 46. Ne7+ {[%emt 0:00:01]} Kg7 {[%emt 0:00:02]} 47. Nc6 { [%emt
0:00:02]} Nd7 {[%emt 0:00:12]} 48. Rb7 {[%emt 0:00:03]} Nc5 {[%emt 0:00: 06]}
49. Rb5 {[%emt 0:00:03]} Nd3 {[%emt 0:00:12]} 50. Rd5 {[%emt 0:00:02]} Nf4
{[%emt 0:00:03]} 51. Rd7 {[%emt 0:00:02] Halle1-004 accepted take back of a4a2}
Ne6 {[%emt 0:00:09]} 52. Ne5 {[%emt 0:00:02]} Ng5 {[%emt 0:00:05]} 53. Bd5 {
[%emt 0:00:03]} Rf4 {[%emt 0:00:17]} 54. Bb3 {[%emt 0:00:02]} Rf5 {[%emt 0:00:
05]} 55. Ng4 {[%emt 0:00:02]} Rb5 {[%emt 0:00:03]} 56. h4 {[%emt 0:00:02] . '
Arbiter Decision (ClaimWin Time Overstepped), result=2} 1-0

[Event "DSJ Weihnachtsturnier U20w 2020"]
[Site "https://play.chessbase.com/en/play?room=DSJWeihnachtU20w"]
[Date "2020.12.29"]
[Round "6"]
[White "Schneider, Jana"]
[Black "Ciolacu, Alessia-Mihaela"]
[Result "0-1"]
[Termination "normal"]
[Board "2.1"]
[WhiteTitle "FM"]
[BlackTitle "WFM"]
[WhiteElo "2272"]
[BlackElo "2052"]
[WhiteTeam "SC Bavaria Regensburg von 1881"]
[BlackTeam "Schachverein Hemer 1932"]
[PlyCount "74"]
[WhiteFideId "12924997"]
[BlackFideId "1252640"]
[EventRounds "7"]
[EventType "team-swiss"]
[EventDate "2020.12.29"]

1. e4 {[%emt 0:00:04]} e5 {[%emt 0:00:01]} 2. Nf3 {[%emt 0:00:03]} Nc6 { [%emt
0:00:01]} 3. Bc4 {[%emt 0:00:03]} Nf6 {[%emt 0:00:02]} 4. d3 {[%emt 0:00: 03]}
h6 {[%emt 0:00:01]} 5. c3 {[%emt 0:00:05]} d6 {[%emt 0:00:01]} 6. Nbd2 { [%emt
0:00:05]} g6 {[%emt 0:00:02]} 7. b4 {[%emt 0:00:04]} a6 {[%emt 0:00:21]} 8. O-O
{[%emt 0:00:13]} Bg7 {[%emt 0:00:01]} 9. Re1 {[%emt 0:00:05]} O-O { [%emt
0:00:02]} 10. Nf1 {[%emt 0:00:02]} d5 {[%emt 0:00:07]} 11. exd5 {[%emt 0:
00:20]} Nxd5 {[%emt 0:00:02]} 12. Bb2 {[%emt 0:00:03]} Nf4 {[%emt 0:00:45]} 13.
d4 {[%emt 0:00:50]} exd4 {[%emt 0:00:10]} 14. Nxd4 {[%emt 0:00:08]} Qg5 { [%emt
0:00:46]} 15. Ne3 {[%emt 0:00:42]} Ne5 {[%emt 0:00:37]} 16. Nf3 {[%emt 0:
00:40]} Nh3+ {[%emt 0:00:52]} 17. Kf1 {[%emt 0:00:06]} Qf4 {[%emt 0:00:09]} 18.
Be2 {[%emt 0:00:33]} Bf6 {[%emt 0:02:12]} 19. Nd5 {[%emt 0:00:19]} Qf5 { [%emt
0:01:18]} 20. Nxf6+ {[%emt 0:00:04]} Qxf6 {[%emt 0:00:04]} 21. c4 { [%emt
0:00:28]} Nxf3 {[%emt 0:00:09]} 22. Bxf3 {[%emt 0:00:15]} Qxb2 {[%emt 0:
00:03]} 23. gxh3 {[%emt 0:00:02]} Bxh3+ {[%emt 0:00:01]} 24. Kg1 {[%emt 0:00:
12]} Rad8 {[%emt 0:00:03]} 25. Qb3 {[%emt 0:00:19]} Qf6 {[%emt 0:00:39]} 26.
Bxb7 {[%emt 0:00:33]} Bg4 {[%emt 0:00:36]} 27. Qg3 {[%emt 0:00:19]} h5 { [%emt
0:00:03]} 28. Bd5 {[%emt 0:00:21]} c6 {[%emt 0:00:02]} 29. Bg2 {[%emt 0:
00:04]} Rd2 {[%emt 0:00:02]} 30. h3 {[%emt 0:00:26]} Be6 {[%emt 0:00:07]} 31.
Rac1 {[%emt 0:00:23]} Rfd8 {[%emt 0:00:03]} 32. Bxc6 {[%emt 0:00:38]} R8d3 {
[%emt 0:00:09]} 33. Re3 {[%emt 0:00:04]} h4 {[%emt 0:00:10]} 34. Qb8+ {[%emt 0:
00:10]} Rd8 {[%emt 0:00:02]} 35. Qh2 {[%emt 0:00:09]} Rd1+ {[%emt 0:00:12]} 36.
Re1 {[%emt 0:00:05]} Qg5+ {[%emt 0:00:02]} 37. Qg2 {[%emt 0:00:21]} Qxc1 {
[%emt 0:00:03]} 0-1

[Event "DSJ Weihnachtsturnier U20w 2020"]
[Site "https://play.chessbase.com/en/play?room=DSJWeihnachtU20w"]
[Date "2020.12.29"]
[Round "6"]
[White "Ricken, Katharina"]
[Black "Mütsch, Annmarie"]
[Result "1-0"]
[Termination "normal"]
[Board "2.2"]
[WhiteTitle "WCM"]
[BlackTitle "WIM"]
[WhiteElo "2030"]
[BlackElo "2236"]
[WhiteTeam "Schachverein Hemer 1932"]
[BlackTeam "SC Bavaria Regensburg von 1881"]
[PlyCount "83"]
[WhiteFideId "16207017"]
[BlackFideId "12971367"]
[EventRounds "7"]
[EventType "team-swiss"]
[EventDate "2020.12.29"]

1. Nf3 {[%emt 0:00:03]} Nf6 {[%emt 0:00:07]} 2. g3 {[%emt 0:00:01]} g6 { [%emt
0:00:02]} 3. b3 {[%emt 0:00:01]} Bg7 {[%emt 0:00:02]} 4. Bb2 {[%emt 0:00: 01]}
O-O {[%emt 0:00:01]} 5. Bg2 {[%emt 0:00:01]} d6 {[%emt 0:00:01]} 6. d4 { [%emt
0:00:08]} c5 {[%emt 0:00:02]} 7. c4 {[%emt 0:00:02]} cxd4 {[%emt 0:00:15] } 8.
Nxd4 {[%emt 0:00:00]} d5 {[%emt 0:00:01]} 9. O-O {[%emt 0:00:10]} e5 { [%emt
0:00:04]} 10. Nb5 {[%emt 0:00:20]} d4 {[%emt 0:00:24]} 11. Ba3 {[%emt 0:
00:25]} Nc6 {[%emt 0:00:57]} 12. Bxf8 {[%emt 0:00:09]} Bxf8 {[%emt 0:00:00]}
13. a4 {[%emt 0:00:14]} e4 {[%emt 0:00:28]} 14. Nd2 {[%emt 0:00:22]} Bf5 {
[%emt 0:00:05]} 15. h3 {[%emt 0:00:18]} h5 {[%emt 0:00:07]} 16. e3 {[%emt 0:00:
29]} dxe3 {[%emt 0:00:38]} 17. fxe3 {[%emt 0:00:00]} Qd3 {[%emt 0:00:06]} 18.
Qe1 {[%emt 0:00:20]} Bc5 {[%emt 0:00:29]} 19. Rd1 {[%emt 0:01:36]} Qxe3+ {
[%emt 0:03:15]} 20. Qxe3 {[%emt 0:00:18]} Bxe3+ {[%emt 0:00:00]} 21. Kh2 {
[%emt 0:00:00]} Bb6 {[%emt 0:00:15]} 22. Rfe1 {[%emt 0:00:23]} e3 {[%emt 0:00:
23]} 23. Nf1 {[%emt 0:00:12]} a6 {[%emt 0:01:05]} 24. Nd6 {[%emt 0:00:12]} Bc2
{[%emt 0:00:05]} 25. Rc1 {[%emt 0:00:09]} Bxb3 {[%emt 0:00:17]} 26. Nxe3 {
[%emt 0:00:24]} Rd8 {[%emt 0:00:27]} 27. Nxb7 {[%emt 0:00:15]} Rd2 {[%emt 0:00:
02]} 28. c5 {[%emt 0:00:30]} Bc7 {[%emt 0:00:08]} 29. Kh1 {[%emt 0:00:42]} Nd4
{[%emt 0:00:09]} 30. Nd6 {[%emt 0:00:15]} Ne2 {[%emt 0:00:11]} 31. Rb1 { [%emt
0:00:29]} Bxa4 {[%emt 0:00:11]} 32. Nf1 {[%emt 0:00:13]} Rc2 {[%emt 0:00: 14]}
33. Rb7 {[%emt 0:00:34]} Ba5 {[%emt 0:00:05]} 34. Ra1 {[%emt 0:00:12]} Nc3
{[%emt 0:00:13]} 35. Ne3 {[%emt 0:00:19]} Re2 {[%emt 0:00:06]} 36. Nec4 { [%emt
0:00:12]} Bd8 {[%emt 0:00:09]} 37. Rb8 {[%emt 0:00:06]} Kh7 {[%emt 0:00: 03]}
38. Rxd8 {[%emt 0:00:08]} Nfd5 {[%emt 0:00:03]} 39. Nxf7 {[%emt 0:00:09]} Ne3
{[%emt 0:00:05]} 40. Nxe3 {[%emt 0:00:07]} Rxe3 {[%emt 0:00:00]} 41. c6 { [%emt
0:00:09]} Bb5 {[%emt 0:00:02]} 42. c7 {[%emt 0:00:05]} 1-0

[Event "DSJ Weihnachtsturnier U20w 2020"]
[Site "https://play.chessbase.com/en/play?room=DSJWeihnachtU20w"]
[Date "2020.12.29"]
[Round "6"]
[White "Arnhold, Steffi"]
[Black "Becker, Linda"]
[Result "1-0"]
[Termination "normal"]
[Board "2.3"]
[WhiteElo "2031"]
[BlackElo "1763"]
[WhiteTeam "SC Bavaria Regensburg von 1881"]
[BlackTeam "Schachverein Hemer 1932"]
[PlyCount "57"]
[WhiteFideId "12931365"]
[BlackFideId "16244753"]
[EventRounds "7"]
[EventType "team-swiss"]
[EventDate "2020.12.29"]

1. e4 {[%emt 0:00:07]} e6 {[%emt 0:00:02]} 2. d4 {[%emt 0:00:02]} d5 {[%emt 0:
00:01]} 3. Nc3 {[%emt 0:00:01]} Nf6 {[%emt 0:00:02]} 4. e5 {[%emt 0:00:02]}
Nfd7 {[%emt 0:00:02]} 5. f4 {[%emt 0:00:10]} c5 {[%emt 0:00:03]} 6. Nf3 { [%emt
0:00:02]} Nc6 {[%emt 0:00:02]} 7. Be3 {[%emt 0:00:03]} Be7 {[%emt 0:00: 04]} 8.
Qd2 {[%emt 0:00:02]} O-O {[%emt 0:00:06]} 9. O-O-O {[%emt 0:00:10]} a6 {[%emt
0:00:01]} 10. Qf2 {[%emt 0:00:06]} cxd4 {[%emt 0:00:11]} 11. Nxd4 { [%emt
0:00:03]} Nxd4 {[%emt 0:00:02]} 12. Bxd4 {[%emt 0:00:02]} b5 {[%emt 0:00: 01]}
13. f5 {[%emt 0:00:02]} exf5 {[%emt 0:00:07]} 14. Nxd5 {[%emt 0:00:04]} Bb7
{[%emt 0:00:15]} 15. Nf4 {[%emt 0:00:10]} Qa5 {[%emt 0:00:23]} 16. Kb1 { [%emt
0:00:07]} b4 {[%emt 0:00:28]} 17. Bd3 {[%emt 0:00:04]} Be4 {[%emt 0:00: 06]}
18. Rhe1 {[%emt 0:00:23]} Nxe5 {[%emt 0:00:19]} 19. Bxe4 {[%emt 0:00:07]} fxe4
{[%emt 0:00:04]} 20. Rxe4 {[%emt 0:00:01]} Bf6 {[%emt 0:00:03]} 21. Nh5 { [%emt
0:00:06]} Nd7 {[%emt 0:00:33]} 22. Nxf6+ {[%emt 0:00:08]} Nxf6 {[%emt 0:
00:02]} 23. Bxf6 {[%emt 0:00:02]} gxf6 {[%emt 0:00:30]} 24. Rg4+ {[%emt 0:00:
03]} Qg5 {[%emt 0:00:11]} 25. Rxg5+ {[%emt 0:00:02]} fxg5 {[%emt 0:00:01]} 26.
Qf6 {[%emt 0:00:02]} h6 {[%emt 0:00:18]} 27. Qxh6 {[%emt 0:00:03]} f6 {[%emt 0:
00:00]} 28. Qg6+ {[%emt 0:00:03]} Kh8 {[%emt 0:00:02]} 29. Rd3 {[%emt 0:00:02]}
1-0

[Event "DSJ Weihnachtsturnier U20w 2020"]
[Site "https://play.chessbase.com/en/play?room=DSJWeihnachtU20w"]
[Date "2020.12.29"]
[Round "6"]
[White "Dartmann Aubanell, Catriona"]
[Black "Pavlov, Liliane"]
[Result "1-0"]
[Termination "normal"]
[Board "2.4"]
[WhiteElo "1820"]
[BlackElo "1740"]
[WhiteTeam "Schachverein Hemer 1932"]
[BlackTeam "SC Bavaria Regensburg von 1881"]
[PlyCount "59"]
[WhiteFideId "24585270"]
[BlackFideId "16225449"]
[EventRounds "7"]
[EventType "team-swiss"]
[EventDate "2020.12.29"]

1. e4 {[%emt 0:00:05]} c5 {[%emt 0:00:10]} 2. Nf3 {[%emt 0:00:02]} d6 {[%emt 0:
00:04]} 3. Bb5+ {[%emt 0:00:02]} Bd7 {[%emt 0:00:10]} 4. Bxd7+ {[%emt 0:00:02]}
Qxd7 {[%emt 0:00:04]} 5. O-O {[%emt 0:00:08]} Nc6 {[%emt 0:00:06]} 6. c3 {
[%emt 0:00:02]} Nf6 {[%emt 0:00:03]} 7. Re1 {[%emt 0:00:03]} e5 {[%emt 0:00:02]
} 8. d4 {[%emt 0:00:07]} cxd4 {[%emt 0:00:12]} 9. cxd4 {[%emt 0:00:00]} Be7 {
[%emt 0:00:11]} 10. Bg5 {[%emt 0:00:29]} Rd8 {[%emt 0:00:27]} 11. dxe5 { [%emt
0:00:39]} dxe5 {[%emt 0:00:17]} 12. Nc3 {[%emt 0:00:37]} O-O {[%emt 0:00: 08]}
13. Qxd7 {[%emt 0:00:18]} Rxd7 {[%emt 0:00:17]} 14. Bxf6 {[%emt 0:00:04]} Bxf6
{[%emt 0:00:09]} 15. Nd5 {[%emt 0:00:07]} Bd8 {[%emt 0:00:17]} 16. Rad1 { [%emt
0:00:15]} Kh8 {[%emt 0:00:04]} 17. b4 {[%emt 0:00:31]} f6 {[%emt 0:00:32] } 18.
a4 {[%emt 0:01:18]} g6 {[%emt 0:00:50]} 19. b5 {[%emt 0:00:40]} Ne7 { [%emt
0:00:19]} 20. Nxf6 {[%emt 0:00:25]} Rxd1 {[%emt 0:00:12]} 21. Rxd1 { [%emt
0:00:00]} Bb6 {[%emt 0:01:02]} 22. Nd7 {[%emt 0:00:08]} Rd8 {[%emt 0:00: 05]}
23. Nfxe5 {[%emt 0:00:08]} Kg7 {[%emt 0:00:07]} 24. Rd3 {[%emt 0:00:18]} Rc8
{[%emt 0:00:22]} 25. g3 {[%emt 0:00:15]} Rc1+ {[%emt 0:00:12]} 26. Kg2 { [%emt
0:00:02]} Bc7 {[%emt 0:00:13]} 27. Rf3 {[%emt 0:00:10]} Nc8 {[%emt 0:01: 59]}
28. Rf7+ {[%emt 0:00:28]} Kh6 {[%emt 0:00:06]} 29. h4 {[%emt 0:00:26]} Nd6
{[%emt 0:00:45]} 30. Ng4+ {[%emt 0:00:34]} 1-0